000
00200 a2200097 4500
020
_a
9788426134813
041
_a
spa
100
_a
Patrick Tillard
245
_a
La ceresa gigante de Jacinto
942
_c
K
999
_c
26761
_d
26761